MARC details
| 000 -LEADER |
| campo de control de longitud fija |
02528cam a22005054a 4500 |
| 001 - NÚMERO DE CONTROL |
| campo de control |
44055 |
| 005 - FECHA Y HORA DE LA ÚLTIMA TRANSACCIÓN |
| campo de control |
20230410120751.0 |
| 008 - DATOS DE LONGITUD FIJA--INFORMACIÓN GENERAL |
| campo de control de longitud fija |
021213r20032002nyu 000 0 eng |
| 010 ## - NÚMERO DE CONTROL DE LA BIBLIOTECA DEL CONGRESO |
| Número de control de LC |
2002033048 |
| 035 ## - NÚMERO DE CONTROL DEL SISTEMA |
| Número de control de sistema |
(OCoLC)ocm51258662 |
| 040 ## - FUENTE DE CATALOGACIÓN |
| Centro catalogador/agencia de origen |
DLC |
| Centro/agencia transcriptor |
DLC |
| Centro/agencia modificador |
BAKER |
| -- |
CCS |
| -- |
P#O |
| -- |
IG# |
| -- |
BTCTA |
| -- |
YDXCP |
| 020 ## - NÚMERO INTERNACIONAL ESTÁNDAR DEL LIBRO |
| Número Internacional Estándar del Libro |
1400031257 (pbk.) |
| 020 ## - NÚMERO INTERNACIONAL ESTÁNDAR DEL LIBRO |
| Número Internacional Estándar del Libro |
9781400031252 (pbk.) |
| 035 ## - NÚMERO DE CONTROL DEL SISTEMA |
| Número de control de sistema |
(OCoLC)51258662 |
| 042 ## - CÓDIGO DE AUTENTICACIÓN |
| Código de autenticación |
pcc |
| 043 ## - CÓDIGO DE ÁREA GEOGRÁFICA |
| Código de área geográfica |
n-us--- |
| -- |
n-us-ny |
| 050 14 - SIGNATURA TOPOGRÁFICA DE LA BIBLIOTECA DEL CONGRESO |
| Número de clasificación |
HV 6432 |
| Número de ítem |
F911lo 2003 |
| 082 00 - NÚMERO DE LA CLASIFICACIÓN DECIMAL DEWEY |
| Número de clasificación |
973.931 |
| 100 1# - ENTRADA PRINCIPAL--NOMBRE DE PERSONA |
| Nombre de persona |
Friedman, Thomas L. |
| 245 10 - MENCIÓN DEL TÍTULO |
| Título |
Longitudes and attitudes : |
| Resto del título |
the world in the age of terrorism / |
| Mención de responsabilidad, etc. |
Thomas L. Friedman. |
| 250 ## - MENCION DE EDICION |
| Mención de edición |
1st Anchor Books ed. |
| 260 ## - PUBLICACIÓN, DISTRIBUCIÓN, ETC. |
| Lugar de publicación, distribución, etc. |
New York : |
| Nombre del editor, distribuidor, etc. |
Anchor Books, |
| Fecha de publicación, distribución, etc. |
c2003. |
| 300 ## - DESCRIPCIÓN FÍSICA |
| Extensión |
xv, 399 p. ; |
| Dimensiones |
21 cm. |
| 500 ## - NOTA GENERAL |
| Nota general |
Reprint. Originally published: New York : Farrar, Straus and Giroux, 2002. |
| 505 0# - NOTA DE CONTENIDO CON FORMATO |
| Nota de contenido con formato |
Introduction : a word album -- Prologue : the super-story -- Columns. Before : December 15, 2000-September 11, 2001 -- After : September 13, 2001-April 20, 2003 -- Diary. Travels in a world without walls : September 11, 2001-July 3, 2002 -- Acknowledgments. |
| 520 ## - RESUMEN, ETC. |
| Sumario, etc. |
The author provides all of the columns he has published about the terrorist attacks on September 11, 2001, as well as a diary of his private experiences and reflections during his post 9-11 travels. Updated for this new paperback edition, with over two years' worth of his columns and an expanded version of his diary, the book is the work from a trusted observer of the international scene. |
| 650 #0 - PUNTO DE ACCESO ADICIONAL DE MATERIA--TÉRMINO DE MATERIA |
| Término de materia o nombre geográfico como elemento de entrada |
Terrorism |
| 650 #0 - PUNTO DE ACCESO ADICIONAL DE MATERIA--TÉRMINO DE MATERIA |
| Término de materia o nombre geográfico como elemento de entrada |
September 11 Terrorist Attacks, 2001. |
| 650 #0 - PUNTO DE ACCESO ADICIONAL DE MATERIA--TÉRMINO DE MATERIA |
| Término de materia o nombre geográfico como elemento de entrada |
Terrorism |
| Subdivisión general |
Press coverage |
| Subdivisión geográfica |
New York (State) |
| -- |
New York. |
| 651 #0 - PUNTO DE ACCESO ADICIONAL DE MATERIA--NOMBRE GEOGRÁFICO |
| Nombre geográfico |
United States |
| Subdivisión general |
Politics and government |
| Subdivisión cronológica |
2001- |
| 651 #0 - PUNTO DE ACCESO ADICIONAL DE MATERIA--NOMBRE GEOGRÁFICO |
| Nombre geográfico |
United States |
| Subdivisión general |
Foreign relations |
| Subdivisión cronológica |
2001- |
| 650 #0 - PUNTO DE ACCESO ADICIONAL DE MATERIA--TÉRMINO DE MATERIA |
| Término de materia o nombre geográfico como elemento de entrada |
World politics |
| Subdivisión cronológica |
1995-2005. |
| 650 #4 - PUNTO DE ACCESO ADICIONAL DE MATERIA--TÉRMINO DE MATERIA |
| Término de materia o nombre geográfico como elemento de entrada |
Septiembre 11 Ataque terrorista, 2001- |
| 650 #4 - PUNTO DE ACCESO ADICIONAL DE MATERIA--TÉRMINO DE MATERIA |
| Término de materia o nombre geográfico como elemento de entrada |
Terrorismo |
| Subdivisión geográfica |
Estados Unidos |
| Subdivisión cronológica |
2001- |
| 651 #4 - PUNTO DE ACCESO ADICIONAL DE MATERIA--NOMBRE GEOGRÁFICO |
| Nombre geográfico |
Estados Unidos |
| Subdivisión general |
Relaciones exteriores |
| Subdivisión cronológica |
2001- |
| 856 42 - LOCALIZACIÓN Y ACCESO ELECTRÓNICOS |
| Materiales especificados |
Contributor biographical information |
| Identificador Uniforme de Recursos |
<a href="http://www.loc.gov/catdir/bios/random054/2002033048.html">http://www.loc.gov/catdir/bios/random054/2002033048.html</a> |
| 856 42 - LOCALIZACIÓN Y ACCESO ELECTRÓNICOS |
| Materiales especificados |
Publisher description |
| Identificador Uniforme de Recursos |
<a href="http://www.loc.gov/catdir/description/random0413/2002033048.html">http://www.loc.gov/catdir/description/random0413/2002033048.html</a> |
| 938 ## - |
| -- |
Baker & Taylor |
| -- |
BKTY |
| -- |
14.95 |
| -- |
11.21 |
| -- |
1400031257 |
| -- |
0004133548 |
| -- |
active |
| 938 ## - |
| -- |
Ingram |
| -- |
INGR |
| -- |
1400031257 |
| 938 ## - |
| -- |
Baker and Taylor |
| -- |
BTCP |
| -- |
2002033048 |
| 942 ## - ELEMENTOS DE ENTRADA SECUNDARIOS (KOHA) |
| Fuente del sistema de clasificación o colocación |
Clasificación de Library of Congress |
| Tipo de ítem Koha |
|
| 946 ## - PROCESAMIENTO DE INFORMACIÓN LOCAL (OCLC) |
| a |
csexposito |
| 938 ## - |
| -- |
YBP Library Services |
| -- |
YANK |
| -- |
1927381 |
| 994 ## - |
| -- |
C0 |
| -- |
DRFGD |